Classement des Pays par le PIB avec une carte. - Statistiques

Statistiques générales
  • Ce quiz a été pris 318 fois
  • Le résultat moyen est 16 sur 192
Réponses sur la Carte
Les réponses sont colorées sur une échelle allant du rouge au vert en fonction du pourcentage des utilisateurs qui les ont devinées à leur premier essai. Vous pouvez retrouver ces pourcentages ci-dessous.
 
Statistiques - réponses
Réponse % Correct
États-Unis
99%
Chine
91%
Japon
76%
Allemagne
69%
Inde
62%
France
60%
Royaume-Uni
59%
Italie
52%
Canada
51%
Corée du Sud
43%
Brésil
41%
Russie
41%
Australie
39%
Espagne
38%
Mexique
37%
Indonésie
34%
Pays-Bas
29%
Arabie Saoudite
27%
Turquie
26%
Suisse
24%
Belgique
21%
Pologne
21%
Suède
21%
Thaïlande
19%
Irlande
18%
Israël
16%
Argentine
15%
Norvège
9%
Autriche
8%
Venezuela
8%
Afrique du Sud
7%
Nigéria
7%
Bangladesh
6%
Algérie
5%
Chili
5%
Colombie
5%
Danemark
5%
Égypte
5%
Émirats arabes unis
5%
Éthiopie
5%
Finlande
5%
Grèce
5%
Hongrie
5%
Irak
5%
Iran
5%
Kazakhstan
5%
Malaisie
5%
Maroc
5%
Nouvelle-Zélande
5%
Pakistan
5%
Pérou
5%
Philippines
5%
Portugal
5%
République Tchèque
5%
Roumanie
5%
Singapour
5%
Slovaquie
5%
Ukraine
5%
Vietnam
5%
Cuba
4%
Équateur
4%
Kenya
4%
Koweït
4%
Qatar
4%
Angola
3%
Biélorussie
3%
Bulgarie
3%
Côte d'ivoire
3%
Croatie
3%
Ghana
3%
Guatemala
3%
Luxembourg
3%
Oman
3%
Ouzbékistan
3%
République Dominicaine
3%
Sri Lanka
3%
Tanzanie
3%
Afghanistan
2%
Albanie
2%
Andorre
2%
Antigua-et-Barbuda
2%
Arménie
2%
Azerbaïdjan
2%
Bahamas
2%
Bahreïn
2%
Barbade
2%
Belize
2%
Bénin
2%
Bhoutan
2%
Birmanie
2%
Bolivie
2%
Bosnie-Herzégovine
2%
Botswana
2%
Brunei
2%
Burkina Faso
2%
Cambodge
2%
Cameroun
2%
Chypre
2%
Comores
2%
Congo
2%
Costa Rica
2%
Djibouti
2%
Dominique
2%
Érythrée
2%
Estonie
2%
Eswatini
2%
Fidji
2%
Gabon
2%
Gambie
2%
Géorgie
2%
Grenade
2%
Guinée
2%
Guinée-Bissau
2%
Haiti
2%
Honduras
2%
Ile Maurice
2%
Iles Marshall
2%
Iles Salomon
2%
Islande
2%
Jamaïque
2%
Jordanie
2%
Kiribati
2%
Laos
2%
Lesotho
2%
Lettonie
2%
Liban
2%
Libéria
2%
Libye
2%
Liechtenstein
2%
Lituanie
2%
Macédoine du Nord
2%
Madagascar
2%
Malawi
2%
Maldives
2%
Mali
2%
Malte
2%
Mauritanie
2%
Micronésie
2%
Moldavie
2%
Monaco
2%
Mongolie
2%
Monténégro
2%
Mozambique
2%
Namibie
2%
Nauru
2%
Népal
2%
Nicaragua
2%
Niger
2%
Ouganda
2%
Palaos
2%
Panama
2%
Papouasie-Nouvelle-Guinée
2%
Paraguay
2%
République centrafricaine
2%
République démocratique du Congo
2%
Sainte-Lucie
2%
Saint-Marin
2%
Saint-Vincent-et-les Grenadines
2%
Salvador
2%
Samoa
2%
Sao-Tomé-et-Principe
2%
Sénégal
2%
Serbie
2%
Sierra Leone
2%
Slovénie
2%
Somalie
2%
Soudan
2%
Soudan du Sud
2%
Suriname
2%
Syrie
2%
Tchad
2%
Togo
2%
Tonga
2%
Trinité-et-Tobago
2%
Tunisie
2%
Turkménistan
2%
Tuvalu
2%
Uruguay
2%
Vanuatu
2%
Yémen
2%
Zambie
2%
Zimbabwe
2%
Burundi
1%
Cap-Vert
1%
Guinée équatoriale
1%
Guyana
1%
Kirghizistan
1%
Kosovo
1%
Rwanda
1%
Saint-Christophe-et-Niévès
1%
Tadjikistan
1%
Timor orientale
1%
Aucun quiz correspondant
Distribution des résultats
% des personnes avec chaque résultat
Percentile par nombre de réponses
Votre historique - résultats
Vous n’avez pas pris ce quiz